Statistiken für Champions League Siegertrainer

Klicken Sie hier um das Quiz zu spielen!

Allgemein

  • Dieses Quiz wurde 210 mal gespielt
  • Das Durchschnittsergebnis liegt bei 20 aus 30

Antwortstatistiken

SaisonNationAntwort% Korrekt
18/19GERJürgen Klopp
97%
20/21GERThomas Tuchel
96%
21/22ITACarlo Ancelotti
93%
13/14ITACarlo Ancelotti
93%
02/03ITACarlo Ancelotti
93%
06/07ITACarlo Ancelotti
93%
19/20GERHansi Flick
91%
08/09ESPPep Guardiola
91%
10/11ESPPep Guardiola
91%
17/18FRAZinédine Zidane
90%
16/17FRAZinédine Zidane
90%
15/16FRAZinédine Zidane
90%
03/04PORJosé Mourinho
88%
09/10PORJosé Mourinho
88%
97/98GERJupp Heynckes
86%
12/13GERJupp Heynckes
86%
07/08GBAlex Ferguson
61%
98/99GBAlex Ferguson
61%
14/15ESPLuis Enrique
59%
94/95NEDLouis van Gaal
52%
00/01GEROttmar Hitzfeld
52%
96/97GEROttmar Hitzfeld
52%
11/12ITARoberto Di Matteo
36%
01/02ESPVicente del Bosque
35%
99/00ESPVicente del Bosque
35%
05/06NEDFrank Rijkaard
29%
04/05ESPRafael Benítez
26%
95/96ITAMarcello Lippi
18%
93/94ITAFabio Capello
10%
92/93BELRaymond Goethals
3%

Verteilung der Resultate

Perzentil nach korrekt beantworteten Fragen

Anzahl Personen mit jedem Resultat

Ihre Resultats-Entwicklung

Sie haben dieses Quiz noch nicht gespielt